000 01350nam a2200361 i 4500
001 bg
003 KOSZ 005
005 20201211140259.0
008 970510s1994 pl a f f |000 0 pol
015 _aPB 1995/6023
020 _a8370000738
040 _aWA N
_cKOSZ 005/HR
_dKOSZ 005/HR
080 _a624
080 _a625
080 _a528
080 _a(075.8)
100 1 _aGałda, Michał
_eAutor
245 1 0 _aGeodezja i miernictwo budowlane /
_cMichał Gałda, Edward Kujawski, Stefan Przewłocki.
260 _aWarszawa ; Wrocław :
_bPolskie Przedsiębiorstwo Wydawnictw Kartograficznych im. Eugeniusza Romera,
_c1994.
300 _a401, [1] s. :
_bfot., rys., wykr. ;
_c24 cm.
380 _aKsiążki
504 _aBibliogr. s. 401-[402].
521 _aPodręcznik akademicki dla wydziałów budowlanych uczelni technicznych.
650 4 _aGeodezja
655 4 _aPodręczniki akademickie
650 4 _aPomiary
650 4 _aBudownictwo
700 1 _aKujawski, Edward
_d(1937- )
_eAutor
710 2 _aPolskie Przedsiębiorstwo Wydawnictw Kartograficznych im. Eugeniusza Romera
_4pbl.
700 1 _aPrzewłocki, Stefan
_d(1933- )
_eAutor
856 4 1 _uhttp://koha.tu.koszalin.pl/cgi-bin/koha/opac-detail.pl?biblionumber=24712
_zKatalog online BPK
942 _2UKD
_cKS
999 _c24712
_d24712